Normal view
MARC view
Entry Topical Term
001 - CONTROL NUMBER
- control field: 23505
003 - CONTROL NUMBER IDENTIFIER
- control field: ARRUPE
005 - DATE AND TIME OF LATEST TRANSACTION
- control field: 20160404113258.0
008 - FIXED-LENGTH DATA ELEMENTS
- fixed length control field: 160404|| aca||aabn | a|a d
040 ## - CATALOGING SOURCE
- Original cataloging agency: ARRUPE
- Transcribing agency: ARRUPE
150 ## - HEADING--TOPICAL TERM
- Topical term or geographic name as entry element: Improvisation (Acting)
670 ## - SOURCE DATA FOUND
- Source citation: Work cat.: (ARRUPE)0: Barker, Clive, 1931- 23504, Theatre games :, 1977.